| 000 | 00621nam a2200193 i 4500 | ||
|---|---|---|---|
| 001 | 142717 | ||
| 003 | ES-MaACL | ||
| 005 | 20230906200614.0 | ||
| 007 | t| | ||
| 008 | 071009s1964 sp ||||1| spa d | ||
| 100 | 1 |
_aVicaire, Marie-Humbert. _9114307 |
|
| 245 | 1 | 0 |
_aHistoria de Santo Domingo / _cM.-H. Vicaire ; [versión española por A. Velasco y A. Conchado]. |
| 260 |
_aBarcelona : _bJuan Flors, _c1964. |
||
| 300 |
_aXXI, 699 p., 13 lám. ; _c24 cm. |
||
| 600 | 1 | 4 |
_aDomingo de Guzmán _cSanto. _945135 |
| 700 | 1 |
_aVelasco, A. _9113708 |
|
| 700 | 1 |
_aConchado, A. _940078 |
|
| 852 |
_aES-MaACL _jC-25216 _bR.54153 |
||
| 999 |
_c142717 _d142717 |
||